| 000 | 01585cam a2200337 i 4500 | ||
|---|---|---|---|
| 999 |
_c10381 _d10381 |
||
| 001 | 20674172 | ||
| 003 | GBCCL | ||
| 005 | 20241126110731.0 | ||
| 008 | 180918s2019 miu b 001 0 eng | ||
| 010 | _a 2018043173 | ||
| 020 | _a9780801049118 (pbk. : alk. paper) | ||
| 040 |
_aDLC _beng _cDLC _erda _dDLC |
||
| 042 | _apcc | ||
| 050 | 0 | 0 |
_aBS521.8 _b.G54 2019 |
| 082 | 0 | 0 |
_a221.601 _223 _bGIG |
| 100 | 1 |
_aGignilliat, Mark S., _eauthor. _918034 |
|
| 245 | 1 | 0 |
_aReading Scripture canonically : _btheological instincts for Old Testament interpretation / _cMark S. Gignilliat. |
| 264 | 1 |
_aGrand Rapids, Michigan : _bBaker Academic, a division of Baker Publishing Group, _c[2019] |
|
| 300 |
_axvi, 125 pages ; _c22 cm |
||
| 336 |
_atext _btxt _2rdacontent |
||
| 337 |
_aunmediated _bn _2rdamedia |
||
| 338 |
_avolume _bnc _2rdacarrier |
||
| 504 | _aIncludes bibliographical references and indexes. | ||
| 505 | 0 | _aScripture's material form -- Scripture and canon -- Sanding with the grain: final form and canonical shape -- Canonical intentionality -- Canon and textual criticism: the search for the Christian Bible -- Scripture's subject matter -- God as Triune and exegetical metaphysics -- The Trinity and the Old Testament. | |
| 630 | 0 | 0 |
_aBible _xCanonical criticism. _915185 |
| 630 | 0 | 0 |
_aBible _xCriticism, interpretation, etc. _9144 |
| 630 | 0 | 0 |
_aBible. _pOld Testament _xHermeneutics. _92494 |
| 906 |
_a7 _bcbc _corignew _d1 _eecip _f20 _gy-gencatlg |
||
| 942 |
_2ddc _cBK |
||